1692 1447 1613 1984 1969 1015 1483 1956 1843 1173 1438 1963 1052 1089 1133 1647 1085 1544 1110 1625 1586 1977 1376 1146 1780 1892 1865 1794 1280 1458 1712 1239 1200 1496 1309 1388 1760 1965 1297 1355 1430 1294 1100 1211 1972 1794 1774 1480 1815 1283 1095 1019 1036 1993 1094 1410 1594 1819 1793 1074 1699 1447 1901 1446 1903 1841 1402 1855 1845 1772 1195 1463 1887 1484 1311 1443 1427 1482 1817 1043 1659 1719 1745 1499 1421 1528 1453 1405 1272 1018 1448 1593 1351 1202 1004 1888 1129 1724 1180 BCNSPRNW ULIB Ver.6.0+V

เปลี่ยนเป็นภาษาไทย

Change to English
 แสดงรายละเอียดบรรณานุกรม
  กลับหน้าหลัก

Brief Record : Get Marc (ISO 2709) : E-mail record : QR code < ปิดหน้าต่าง
LEADER : 00000nam 2200000uu 4500
001    13399121929
003     ULIB
008    121214s2549||||th 000 0 tha d
020    ^a9744820551
060 04 ^aWM100^bส271จ 2549
100 0  ^aสมภพ เรืองตระกูล
245 10 ^aจิตเวชศาสตร์พื้นฐานและโรคทางจิตเวช /^cสมภพ เรืองตระกูล
250    ^aพิมพ์ครั้งที่ 1
260    ^aกรุงเทพฯ :^bภาควิชาจิตเวชศาสตร์ คณะแพทยศาสตร์ศิริราชพยาบาลมหาวิทยาลัยมหิดล,^c2549
300    ^a532 หน้า ;^c22 ซม.
440  0 ^aตำราจิตเวชสำหรับแพทย์เวชศาสตร์ครอบครัว ;^vชุดที่ 9
650  7 ^aจิตเวชศาสตร์
650  7 ^aโรคจิต
653    ^aผลงานอาจารย์คณะแพทยศาสตร์ศิริราชพยาบาล
710 2  ^aมหาวิทยาลัยมหิดล. ^bคณะแพทยศาสตร์ศิริราชพยาบาล.^bภาควิชาจิตเวชศาสตร์
945    ^p350^l0^i14994
995    ^aทศพร
999    ^aทศพร เกษรทอง
รายการนี้ยังไม่มีแท็ก
คุณยังไม่ได้ล็อกอิน คุณสามารถมีกิจกรรมร่วมกับเว็บไซต์ได้ แต่ต้องล็อกอินก่อน ::
  ล็อกอิน

รายการสื่อสารสนเทศ

ลำดับที่ ประเภท เลขเรียก/บาร์โค้ด สถานที่ สถานะ
1. วิทยาศาสตร์การแพทย์ และสุขภาพ
วิทยาศาสตร์การแพทย์ และสุขภาพ
WM100 ส271จ 2549 ฉ.1 
  Barcode: 14994
ห้องสมุดวิทยาเขตสวรรค์ประชารักษ์
►หนังสือทั่วไป
บนชั้น

รายการใกล้เคียง
    ผู้แต่ง [สมภพ เรืองตระกูล]

    หัวเรื่อง [จิตเวชศาสตร์]
    หัวเรื่อง [โรคจิต]

BibComment


ยังไม่เคยถูกคอมเมนท์

คอมเมนท์ทรัพยากรรายการนี้
  คอมเมนท์: จิตเวชศาสตร์พื้น..


 Copyright 2026. Bcnsprnw @Library